| 000 | 00464cam a2200193 4500 | ||
|---|---|---|---|
| 001 | D14892 | ||
| 008 | 090401t1970 xxu||||| |||| 00| 0 eng d | ||
| 035 | _a(Sirsi) u18718 | ||
| 041 | _aeng | ||
| 050 | _a657.833 | ||
| 100 | _aOwen, J.R. | ||
| 245 | _aWorking Accounts for Auctioneers and Estate Agents | ||
| 260 |
_aLondon _bEstates Gazette _c1970 |
||
| 300 | _avii. 223p. 22cm | ||
| 350 | _a1.8 | ||
| 520 | _a2 copies | ||
| 942 | _n0 | ||
| 948 | _c04/03/1997 | ||
| 999 |
_c87616 _d87616 |
||